Women's work : how culinary cultures shaped modern Spain / how culinary cultures shaped modern Spain /
ISBN:
9780826504890
Descripción Física:
205 pàgines ; il·lustracions en blanc i negre ; 23 cm
Materias:
Cuina -- Història -- Espanya
; Dones -- Condicions socials -- Espanya
; Feminisme -- Espanya
; Espanya -- Vida social i costums
Idioma:
Catalán , English
MARC
| LEADER | 00000nam a22000007a 4500 | ||
|---|---|---|---|
| 001 | 28069 | ||
| 003 | Arxiu | ||
| 005 | 20260324181519.0 | ||
| 008 | 230705b spa||||| |||| 00| 0 cat d | ||
| 020 | |a 9780826504890 | ||
| 020 | |a 9780826504906 | ||
| 040 | |a agdb |b cat | ||
| 041 | |a eng | ||
| 100 | |9 69786 |a Ingram, Rebecca | ||
| 245 | |a Women's work : |b how culinary cultures shaped modern Spain / |c Rebecca Ingram | ||
| 250 | |a Fist printing |b 2022 | ||
| 260 | |a Nashville : |b Vanderbilt University Press, |c [2022] | ||
| 300 | |a 205 pàgines ; |b il·lustracions en blanc i negre ; |c 23 cm | ||
| 504 | |a Inclou referències bibliogràfiques i índex onomàstic. | ||
| 650 | 0 | |9 69787 |a Cuina |x Història |z Espanya | |
| 650 | 0 | |9 69788 |a Dones |x Condicions socials |z Espanya | |
| 650 | 0 | |9 69789 |a Feminisme |z Espanya | |
| 651 | 0 | |9 55619 |a Espanya |x Vida social i costums | |
| 942 | |2 udc |c ARXIU |n 1 | ||
| 952 | |0 0 |1 0 |2 udc |4 0 |6 BIB1096 |7 1 |9 95915 |a Arxiu |b Arxiu |d 2023-07-05 |l 0 |o Bib-1096 |p 28069 |r 2023-07-05 00:00:00 |w 2023-07-05 |y ARXIU | ||
| 999 | |c 127943 |d 127943 | ||